Statistics for Easiest Maths But In 15 Seconds

Click here to take the quiz!

General Stats

  • This quiz has been taken 1,920 times
    (1,819 since last reset)
  • The average score is 7 of 15

Answer Stats

HintAnswer% Correct
1*11
99%
2*12
98%
0/10
95%
1+1+1+14
95%
[(11*1*1)*0]+55
69%
5+611
60%
{Sum of all above answers *0}+99
51%
160000/1000016
47%
3*4*224
23%
9*981
21%
193+7200
13%
1598+2 | 1602-2 | 3200/2 | 400*41600
9%

Score Distribution

Percentile by Number Answered

Percent of People with Each Score

Your Score History

You have not taken this quiz since the last reset